00290nam a2200121Ia 4500008004100000041000900041082002000050100001600070245002700086260003900113300000800152650000800160230718s9999 xx 000 0 und d aEng. a346.8481bKHA-G aKhan, Ahmed 0aGuardian and words Act aPakistanbMansoor Book Housec2016 a159 aLaw